000 00241nam a2200109Ia 4500
008 190216s9999||||xx |||||||||||||| ||und||
100 _aT N
245 0 _aMalayude Mala
260 _bCurrent Books
650 _aMalayalam Nadakam
942 _cBK
999 _c23770
_d23770